000 01190nam a2200373 i 4500
001 bg
003 BPK
005 20220726094213.0
008 021029s2002 pl f f |001 0 pol
015 _aPB 2002/17424
020 _a8372476446
040 _aWA N
_cBPK
041 0 _apol
080 _a351.353-027.21
080 _a(075.8)
100 1 _aLeoński, Zbigniew
_d(1929-2006)
_eAutor
245 1 0 _aNauka administracji /
_cZbigniew Leoński.
250 _a4. wyd. uzup. i zaktual.
260 _aWarszawa :
_bWydaw. C. H. Beck,
_c2002.
300 _aXII, 161 s. ;
_c21 cm.
490 1 _aPodręczniki Prawnicze.
504 _aBibliogr. Indeks.
650 4 _aAdministracja
650 4 _aTeoria
650 4 _aPrawo administracyjne
651 _aPolska
655 4 _aPodręczniki akademickie
658 _aPolityka, politologia, administracja publiczna
658 _aPrawo i wymiar sprawiedliwości
710 2 _aWydawnictwo C.H. Beck
_4pbl.
830 0 _aPodręczniki Prawnicze
856 _uhttp://koha.tu.koszalin.pl/cgi-bin/koha/opac-detail.pl?biblionumber=43510
_yKatalog online BPK
942 _2UKD
_cKS
999 _c43510
_d43510